000 00847nam a2200217Ii 4500
003 JO-AjNU
008 230605s9999||||xx |||||||||||||| ||und||
017 _a2003/8/1799
040 _aJO-AjNU
_bara
_erda
_cJO-AjNU
041 _aara
050 1 4 _aDS110.C3.K4258 2004
100 3 _aتاليف الخطيب،ابراهيم,
_eauthor
_918972
245 0 0 _aتاريخ الدولة الزنكية في بلاد الشام والجزيرة
250 _aط1
264 3 1 _aعمان: دار قنديل للنشر والتوزيع، 2004
300 _a255ص
336 _atext
_btxt
_2rdacontent
337 _aunmediated
_bn
_2rdamedia
338 _avolume
_bnc
_2rdacarrier
650 4 _aالشام-تاريخ-الحروب الصليبية- الدولة الزنكية، الجزيرة العربية- تاريخ - الحروب الصليبية
_918973
999 _aA6167
_c9735
_d9735